000 00633nam a2200229Ia 4500
003 OSt
005 20221006165421.0
006 a|||||r|||| 00| 0
007 ta
008 221006b |||||||| |||| 00| 0 hin d
024 _a6,221
037 _cTextual
040 _aFML
_cFML
_bhin
041 _2hin
_ahin
082 _aNRm44,N35, 152J4 -; 6
100 _aSangeet Karyalaya Ed.
245 0 _aSangeet
_b Kalyan Ank
260 _aHathras
_bSangeet Karyalaya India
_c1954
300 _a186
_ccm.
942 _hNRm44,N35, 152J4 -; 6
_cTEXL
_2CC
999 _c1120741
_d1120741